000 00522nam a2200181 i 4500
001 34568
003 ES-MaACL
005 20251011063058.0
007 t|
008 030207s1971 sp ||||1| spa d
100 1 _aGarcía Blázquez, José Antonio,
_d1940-
_9171422
245 1 0 _aFiesta en el polvo /
_cJosé Antonio G. Blázquez.
250 _a1ª ed.
260 _a[Barcelona] :
_bPlaza & Janés,
_c[1971]
300 _a262 p. ;
_c19 cm.
852 _aES-MaACL
_jC-45329
_bR.78283
999 _c34568
_d34568